Bocas del tiempo /
Guardado en:
| Autor Principal: | |
|---|---|
| Formato: | Libro |
| Publicado: |
Buenos Aires :
Siglo Xxi,
2015
|
| Series: | Biblioteca Eduardo Galeano
|
| Materias: | |
| Etiquetas: |
Agregar Etiqueta
Sin Etiquetas, Sea el primero en etiquetar este registro!
|
| LEADER | 00630nam a22002295a 4500 | ||
|---|---|---|---|
| 001 | CEM.cems018527 | ||
| 005 | 20160406120116.0 | ||
| 008 | 130507s2015##################000#0#####d | ||
| 003 | CEMS | ||
| 020 | |a 9789876295574 | ||
| 082 | 0 | 4 | |a U868.4 |
| 100 | 1 | |a Galeano, Eduardo | |
| 245 | 1 | 0 | |a Bocas del tiempo / |c Eduardo Galeano |
| 260 | |a Buenos Aires : |b Siglo Xxi, |c 2015 | ||
| 300 | |a 360 p. | ||
| 490 | 0 | |a Biblioteca Eduardo Galeano | |
| 653 | |a Literatura | ||
| 653 | |a Literatura uruguaya | ||
| 653 | |a Narrativa | ||
| 653 | |a Narrativa uruguaya | ||
| 653 | |a Ensayo | ||
| 859 | |a CEMS |b BIB. CEMS - Agricultura |h U868.4 |i G131-9 |p A2848.16 |t Ej.1 | ||
